00405 2200157 4500001002100000008004100021035002000062245004600082100001600128260002500144300002200169020002200191084001400213082000800227990001200235INLIS000000000002866 IND  a0010-0925000213 aTentang Ibu, Sahabat dan AkucSean Hasyim aSean Hasyim aJakartabZettuc2013 a254c(13 x 19 cm) a978-602-7999-67-1 a813 SEA t a813 a0755088